000 00828nam a2200253Ia 4500
003 OSt
005 20220923211504.0
006 a|||||r|||| 00| 0
007 ta
008 220922b |||||||| |||| 00| 0 pan d
020 _a9789352047604 (hbk)
_c350
024 _a336,050
037 _b1023, 08/03/2018, H.K. Prakashan
_cTextual
040 _aARTS
_cARTS
_bpan
041 _2pan
_apan
082 _aY:351, 153Q8
100 _aਨੂਰ, ਮੁਹੰਮਦ, ਂਚ.
245 0 _aਕਹਾਵਤਾਂ ਪੰਜਾਬ
260 _aਚੰਡੀਗੜ
_b ਲੋਕਗੀਤ ਪ੍ਰਕਾFਨ
_c2018
300 _a325ਪ0
_ccm.
650 _aਸਭਿਆਚਾਰ
942 _hY:351, 153Q8
_cTEXL
_2CC
999 _c300055
_d300055